[Event "AUTO-MASTER-2307"]
[Site "http://www.queenalice.com/game.php?id=1382360"]
[Date "2015.9.10"]
[Round "2"]
[White "jotu"]
[Black "GI2013"]
[Result "1-0"]
[WhiteElo "2330"]
[BlackElo "2301"]

1. e4 c5 2. Nf3 b6 3. d4 cxd4 4. Nxd4 Bb7 5. Nc3 g6 6. Be3 a6 7. Qd2 Nf6 8. f3
d6 9. O-O-O Nbd7 10. g4 Ne5 11. Be2 Rc8 12. g5 Nfd7 13. h4 Nc4 14. Bxc4 Rxc4 15.
h5 Rg8 16. hxg6 hxg6 17. Kb1 e6 18. Rh7 Ne5 19. f4 Nd7 20. f5 gxf5 21. exf5 e5
22. g6 f6 23. Ne6 Qb8 24. g7 1-0

[Event "AUTO-ELITE-1553"]
[Site "http://www.queenalice.com/game.php?id=1384137"]
[Date "2015.9.19"]
[Round "1"]
[White "Yran"]
[Black "GI2013"]
[Result "0-1"]
[WhiteElo "1826"]
[BlackElo "2296"]

1. d4 Nf6 2. Nf3 c5 3. d5 b5 4. c4 Bb7 5. Nc3 b4 6. Nb1 g6 7. Nbd2 d6 8. e4 Nbd7
9. Bd3 Bg7 10. O-O O-O 11. h3 a5 12. Re1 a4 13. Bf1 e6 14. g3 exd5 15. exd5 Re8
16. Rxe8+ Nxe8 17. Bd3 f5 0-1

[Event "AUTO-ELITE-1553"]
[Site "http://www.queenalice.com/game.php?id=1384138"]
[Date "2015.9.19"]
[Round "1"]
[White "GI2013"]
[Black "Yran"]
[Result "1-0"]
[WhiteElo "2297"]
[BlackElo "1824"]

1. c4 e5 2. g3 Nc6 3. Bg2 Nf6 4. Nc3 g6 5. e4 Bg7 6. Nge2 O-O 7. O-O d6 8. d3 h6
9. f4 Ne7 10. h3 Nh7 11. Be3 f5 12. fxe5 dxe5 13. Qd2 g5 14. Bc5 f4 15. g4 c6
16. Bf3 1-0

[Event "AUTO-ELITE-1553"]
[Site "http://www.queenalice.com/game.php?id=1384145"]
[Date "2015.9.19"]
[Round "1"]
[White "GI2013"]
[Black "trompmaster"]
[Result "0-1"]
[WhiteElo "2312"]
[BlackElo "2455"]

1. Nf3 Nf6 2. c4 d6 3. d4 c6 4. Nc3 Nbd7 5. e4 e5 6. Be2 Be7 7. O-O Qc7 8. h3 h6
9. Be3 g5 10. Nh2 Nf8 11. Ng4 Ng6 12. Nxf6+ Bxf6 13. c5 dxc5 14. dxc5 Be7 15.
Bc4 Nf4 16. Qc2 Be6 17. Bxe6 Nxe6 18. b4 h5 19. Ne2 g4 20. Rad1 gxh3 21. gxh3
Rg8+ 22. Kh2 h4 23. Rg1 Rxg1 24. Nxg1 Bf6 25. Ne2 Rd8 26. Rxd8+ Kxd8 27. a4 Kc8
28. b5 Bg5 29. b6 axb6 30. cxb6 Qd8 31. Bxg5 Nxg5 32. a5 Qd6 33. Ng1 Qb4 34. a6
Qxb6 35. axb7+ Kxb7 36. Kg2 Qb4 37. f3 c5 38. Ne2 Ne6 39. Qa2 c4 40. Qa1 Qd2 41.
Kf1 Nd4 42. Nxd4 exd4 43. Qa4 Qd3+ 44. Kf2 Qe3+ 45. Kg2 Qe2+ 46. Kg1 Qe1+ 0-1

[Event "AUTO-ELITE-1553"]
[Site "http://www.queenalice.com/game.php?id=1384146"]
[Date "2015.9.19"]
[Round "1"]
[White "trompmaster"]
[Black "GI2013"]
[Result "1-0"]
[WhiteElo "2450"]
[BlackElo "2320"]

1. c4 c5 2. Nc3 g6 3. g3 Bg7 4. Nf3 Nc6 5. Bg2 e5 6. O-O d6 7. d3 Nge7 8. a3 O-O
9. Rb1 a5 10. Bd2 Rb8 11. Qc2 h6 12. Qc1 Kh7 13. Qc2 Be6 14. Qa4 f5 15. Rbd1 d5
16. Nb5 d4 17. Qc2 Nc8 18. Ne1 Nd6 19. Bxc6 bxc6 20. Nxd6 Qxd6 21. Bxa5 Ra8 22.
b4 Rf7 23. bxc5 Qxc5 24. Bb4 Qa7 25. c5 Bd5 26. Nf3 g5 27. Nd2 Qa6 28. f3 Re7
29. Rb1 Kh8 30. g4 Qc8 31. gxf5 Qxf5 32. Nc4 Bxc4 33. Qxc4 g4 34. e4 Qf4 35. Qc1
Rf7 36. Bd2 Qf6 37. fxg4 Qxf1+ 38. Qxf1 Rxf1+ 39. Rxf1 Rxa3 40. Rf3 Kg8 41. Kf1
Ra2 42. Rf2 Bf8 43. Bb4 Ra1+ 44. Ke2 Rb1 45. Bd2 Rb2 46. Kd1 Bxc5 47. Rf6 Bb4
48. Bxb4 Rxb4 49. Rxh6 Rb3 50. Kc2 Rc3+ 51. Kd2 Kf7 52. h4 c5 53. Rc6 Kg7 54. g5
Kf7 55. h5 Kg7 56. h6+ Kh7 57. Rc7+ 1-0

[Event "AUTO-MASTER-2305"]
[Site "http://www.queenalice.com/game.php?id=1387724"]
[Date "2015.10.6"]
[Round "2"]
[White "Rgbug"]
[Black "GI2013"]
[Result "1-0"]
[WhiteElo "2299"]
[BlackElo "2333"]

1. e4 c5 2. Nf3 e6 3. d4 cxd4 4. Nxd4 a6 5. g3 d5 6. Bg2 dxe4 7. O-O e5 8. Nb3
Qxd1 9. Rxd1 f5 10. Bg5 Nc6 11. Nc3 Be6 12. Nd5 Rc8 13. Nb6 Rc7 14. Rd2 h6 15.
Be3 Nf6 16. Nc5 Bf7 17. Rad1 Be7 18. Ncd7 Bh5 19. Nxf6+ Bxf6 20. Rd7 Rxd7 21.
Rxd7 Nd8 22. Bc5 Bf7 23. Rc7 Be6 24. Bf1 g6 25. Nc4 Bxc4 26. Bxc4 f4 27. Bd5 e3
28. fxe3 fxg3 29. hxg3 h5 30. Bxb7 Nxb7 31. Rxb7 e4 32. Rb6 Kf7 33. Rxf6+ 1-0

[Event "AUTO-MASTER-2305"]
[Site "http://www.queenalice.com/game.php?id=1387725"]
[Date "2015.10.6"]
[Round "2"]
[White "GI2013"]
[Black "Rgbug"]
[Result "1-0"]
[WhiteElo "2309"]
[BlackElo "2311"]

1. c4 e5 2. g3 Nf6 3. Bg2 c6 4. d4 Bb4+ 5. Bd2 Qa5 6. dxe5 Bxd2+ 7. Qxd2 Qxe5 8.
Nf3 Qc5 9. Qd4 Qxd4 10. Nxd4 O-O 11. Nc3 d6 12. Rd1 Na6 13. O-O Nc5 14. b4 Ne6
15. Nf5 Nc7 16. Nxd6 Nce8 17. c5 Nxd6 18. cxd6 Rd8 19. e4 Be6 20. e5 Ng4 21.
Rfe1 Rac8 22. h3 Nh6 23. g4 g6 24. a3 Kg7 25. Ne4 Bd5 26. Nc5 b6 27. Na6 Bxg2
28. Kxg2 Rd7 29. Nc7 Ng8 30. Rc1 Rcxc7 31. dxc7 Rxc7 32. Re2 Ne7 33. Rd2 g5 34.
Rd6 c5 35. e6 fxe6 36. bxc5 bxc5 37. Rxe6 Nd5 38. Re5 Nf4+ 39. Kh2 Nd3 40. Rxg5+
Kh6 41. Rh5+ Kg6 42. Rc2 Rf7 43. Kg3 Ne1 44. Rc3 c4 45. f4 Nd3 46. Rxc4 1-0

[Event "AUTO-MASTER-2305"]
[Site "http://www.queenalice.com/game.php?id=1387726"]
[Date "2015.10.6"]
[Round "2"]
[White "Lightbug"]
[Black "GI2013"]
[Result "0-1"]
[WhiteElo "2106"]
[BlackElo "2290"]

1. d4 Nf6 2. c4 g6 3. Nf3 Bg7 4. g3 O-O 5. Bg2 d6 6. O-O Nbd7 7. Nc3 e5 8. dxe5
dxe5 9. Bg5 h6 10. Be3 c6 11. Qc2 Qe7 12. Rad1 Ng4 13. Bd2 f5 14. e4 Nc5 15.
Rfe1 Nxe4 16. Nxe4 fxe4 17. Qxe4 Qc5 18. Rf1 Bf5 19. Qe2 Rfe8 20. b3 Rad8 21.
Be3 Qa5 22. h3 Nxe3 23. fxe3 g5 24. Nh2 Bg6 25. e4 Bf8 26. Ng4 Kg7 27. Nf6 Bc5+
28. Kh2 Re6 29. Rxd8 Qxd8 30. Ng4 b6 31. Rd1 Rd6 32. Rxd6 Qxd6 33. Ne3 Qd4 0-1

[Event "AUTO-MASTER-2305"]
[Site "http://www.queenalice.com/game.php?id=1387727"]
[Date "2015.10.6"]
[Round "2"]
[White "GI2013"]
[Black "Lightbug"]
[Result "1-0"]
[WhiteElo "2310"]
[BlackElo "2114"]

1. e4 e6 2. d4 d5 3. Nd2 Nf6 4. e5 Nfd7 5. f4 c5 6. c3 Nc6 7. Ndf3 Qb6 8. a3
cxd4 9. cxd4 Be7 10. b4 a6 11. Rb1 O-O 12. Bd3 Rd8 13. Ne2 Nxb4 14. axb4 Bxb4+
15. Bd2 Bxd2+ 16. Qxd2 Qa7 17. O-O Nf8 18. Rfc1 Bd7 19. g4 Rdc8 20. f5 Rxc1+ 21.
Rxc1 Rc8 22. Rxc8 Bxc8 23. f6 g6 24. Qh6 1-0

[Event "AUTO-ELITE-1568"]
[Site "http://www.queenalice.com/game.php?id=1389267"]
[Date "2015.10.15"]
[Round "1"]
[White "Ewaldinho"]
[Black "GI2013"]
[Result "1-0"]
[WhiteElo "2326"]
[BlackElo "2311"]

1. d4 Nf6 2. c4 g6 3. Nf3 Bg7 4. Nc3 O-O 5. e4 d6 6. h3 c5 7. d5 e6 8. Bd3 Na6
9. O-O e5 10. Bg5 h6 11. Be3 Nh7 12. Qd2 h5 13. a3 f5 14. exf5 gxf5 15. Ng5 Nxg5
16. Bxg5 Bf6 17. Bh6 Rf7 18. Qe2 h4 19. Qh5 e4 20. Nxe4 fxe4 21. Bxe4 Bg7 22.
Bh7+ Kf8 23. Rae1 Bxh6 24. Qxh6+ Rg7 25. Re3 Qg5 26. Qxd6+ 1-0

[Event "AUTO-ELITE-1568"]
[Site "http://www.queenalice.com/game.php?id=1389268"]
[Date "2015.10.15"]
[Round "1"]
[White "GI2013"]
[Black "Ewaldinho"]
[Result "0-1"]
[WhiteElo "2275"]
[BlackElo "2470"]

1. e4 c5 2. Nf3 e6 3. d4 cxd4 4. Nxd4 Nc6 5. Nc3 Qc7 6. Be2 a6 7. O-O Nf6 8. Kh1
Be7 9. f4 d6 10. Be3 O-O 11. Qe1 Nxd4 12. Bxd4 b5 13. a3 Bb7 14. Qg3 Bc6 15.
Rae1 Qb7 16. Bd3 b4 17. axb4 Qxb4 18. Ne2 Qb7 19. e5 Nh5 20. Qh3 g6 21. Ng3
Nxg3+ 22. hxg3 dxe5 23. Bxe5 Bb5 24. c4 Bc6 25. g4 Rad8 26. Re2 f6 27. Bc3 e5
28. fxe5 fxe5 29. Rxf8+ Bxf8 30. Bxe5 Qf7 31. Re1 Qf2 32. Re2 Qf1+ 33. Kh2 Be4
34. Rxe4 Rxd3 35. Re3 Rd1 36. Qf3 Qh1+ 37. Kg3 g5 38. Qc6 Qh4+ 39. Kf3 Rf1+ 40.
Ke4 Qxg4+ 41. Kd3 Qd1+ 42. Kc3 Qc1+ 43. Kd3 Rd1+ 44. Ke4 Qc2+ 45. Kf3 Rf1+ 46.
Kg4 Qf5+ 0-1

[Event "AUTO-ELITE-1568"]
[Site "http://www.queenalice.com/game.php?id=1389271"]
[Date "2015.10.15"]
[Round "1"]
[White "LOMBARDY"]
[Black "GI2013"]
[Result "0-1"]
[WhiteElo "2250"]
[BlackElo "2290"]

1. e4 g6 2. d4 Bg7 3. Nc3 d6 4. f4 a6 5. Nf3 b5 6. a3 Bb7 7. Be2 Nd7 8. O-O c5
9. Be3 Ngf6 10. e5 Ng4 11. Qd2 Nxe3 12. Qxe3 cxd4 13. Qxd4 dxe5 14. Nxe5 Nxe5
15. Qxd8+ Rxd8 16. fxe5 Bxe5 17. Bf3 Bxf3 18. Rxf3 O-O 19. Re1 Bd4+ 20. Kf1 e6
21. Nd1 Bg7 22. c3 Rd2 23. Rf2 Rfd8 24. Ne3 h5 25. Ree2 R2d3 26. g3 Bh6 27. Nc2
Bf8 28. Nd4 Bc5 29. Rd2 Rxd2 30. Rxd2 Bxd4 31. Rxd4 Rxd4 32. cxd4 Kf8 33. Ke2
Ke7 34. Kd3 Kd6 35. Ke4 f6 36. b3 a5 37. h3 g5 38. g4 hxg4 39. hxg4 b4 40. a4
f5+ 41. gxf5 exf5+ 42. Kxf5 Kd5 43. Kxg5 Kxd4 0-1

[Event "AUTO-ELITE-1568"]
[Site "http://www.queenalice.com/game.php?id=1389272"]
[Date "2015.10.15"]
[Round "1"]
[White "GI2013"]
[Black "LOMBARDY"]
[Result "1-0"]
[WhiteElo "2321"]
[BlackElo "2318"]

1. e4 c5 2. Nf3 d6 3. d4 cxd4 4. Nxd4 Nf6 5. f3 a6 6. c4 g6 7. Nc3 Bg7 8. Be3
O-O 9. Be2 e6 10. Qd2 Re8 11. O-O Qc7 12. Rac1 b6 13. Rfd1 Bb7 14. Bf1 Nbd7 15.
Nb3 Bf8 16. Qf2 Nc5 17. Rd2 Bc6 18. Nd4 Bb7 19. g4 e5 20. Nc2 Bc6 21. Nb4 Bb7
22. g5 Nh5 23. Nbd5 Bxd5 24. Nxd5 Qd8 25. b4 Nd7 26. Nxb6 Rb8 27. Nxd7 Qxd7 28.
b5 axb5 29. cxb5 Nf4 30. b6 Be7 31. Bxf4 exf4 32. Rc7 Qa4 33. Rb2 Bxg5 34. Bc4
Re7 35. Qd4 Qe8 36. Qxd6 Rxc7 37. Qxc7 Be7 38. b7 g5 39. a4 Kf8 40. Kg2 h5 41.
a5 Qd8 42. Qxd8+ Bxd8 43. a6 Bf6 44. a7 1-0

[Event "AUTO-ELITE-1590"]
[Site "http://www.queenalice.com/game.php?id=1396740"]
[Date "2015.11.30"]
[Round "1"]
[White "GI2013"]
[Black "Dogeval"]
[Result "0-1"]
[WhiteElo "2267"]
[BlackElo "2425"]

1. c4 e5 2. g3 Nf6 3. Bg2 Nc6 4. Nc3 Bc5 5. a3 d6 6. e3 O-O 7. Nge2 Bb6 8. O-O
Bg4 9. h3 Bh5 10. g4 Bg6 11. d4 Qe7 12. d5 Na5 13. b3 Rfe8 14. Na4 h5 15. Ng3 h4
16. Ne2 Ne4 17. Nec3 Nxc3 18. Nxc3 f5 19. Na4 fxg4 20. hxg4 Rf8 21. Nxb6 axb6
22. f4 Rad8 23. f5 Be8 24. Bd2 Ra8 25. a4 g6 26. Qc2 Qg5 27. e4 Qxg4 28. b4 h3
29. Rf2 Nxc4 30. Qxc4 Rxf5 31. Qxc7 h2+ 32. Kf1 Bb5+ 0-1

[Event "AUTO-ELITE-1590"]
[Site "http://www.queenalice.com/game.php?id=1396741"]
[Date "2015.11.30"]
[Round "1"]
[White "Dogeval"]
[Black "GI2013"]
[Result "1-0"]
[WhiteElo "2411"]
[BlackElo "2289"]

1. e4 c5 2. Nf3 d6 3. d4 cxd4 4. Nxd4 Nf6 5. Nc3 a6 6. Be3 e6 7. Be2 Qc7 8. Qd2
b5 9. f3 Bb7 10. a4 b4 11. Na2 d5 12. e5 Nfd7 13. f4 Nc5 14. O-O Nxa4 15. f5 Nc5
16. fxe6 Nxe6 17. Nxb4 Qxe5 18. Nd3 Qc7 19. Nxe6 fxe6 20. Bh5+ g6 21. Bg4 e5 22.
Qf2 Bd6 23. Qf6 Rf8 24. Qe6+ Qe7 25. Rxf8+ Kxf8 26. Bh6+ Ke8 27. Qg8+ 1-0

[Event "AUTO-ELITE-1523"]
[Site "http://www.queenalice.com/game.php?id=1406337"]
[Date "2016.1.27"]
[Round "2"]
[White "GI2013"]
[Black "FabioDavid"]
[Result "1/2-1/2"]
[WhiteElo "2276"]
[BlackElo "2526"]

1. c4 b6 2. d4 e6 3. a3 Bb7 4. Nc3 f5 5. d5 Nf6 6. g3 Na6 7. Bg2 Nc5 8. Nh3 Bd6
9. O-O O-O 10. Qc2 a5 11. Rd1 Qe7 12. Rb1 exd5 13. cxd5 Nce4 14. Nxe4 Nxe4 15.
Bf4 Rac8 16. Bxd6 Nxd6 17. Nf4 g5 18. Nd3 Ne4 19. Ne1 Ba6 1/2-1/2

[Event "AUTO-ELITE-1523"]
[Site "http://www.queenalice.com/game.php?id=1406338"]
[Date "2016.1.27"]
[Round "2"]
[White "FabioDavid"]
[Black "GI2013"]
[Result "1-0"]
[WhiteElo "2523"]
[BlackElo "2281"]

1. b3 d5 2. Bb2 Bg4 3. Nf3 Nd7 4. e3 e5 5. h3 Bxf3 6. Qxf3 Ngf6 7. g4 c6 8. Nc3
g6 9. O-O-O Bd6 10. Be2 Qe7 11. g5 Nh5 12. Qg2 O-O-O 13. Bxh5 gxh5 14. h4 f5 15.
Ne2 Rhg8 16. f4 e4 17. Ng3 Qf7 18. Qe2 1-0

[Event "AUTO-ELITE-1649"]
[Site "http://www.queenalice.com/game.php?id=1413649"]
[Date "2016.3.16"]
[Round "1"]
[White "cerenzo72"]
[Black "GI2013"]
[Result "1/2-1/2"]
[WhiteElo "2210"]
[BlackElo "2270"]

1. c4 g6 2. e4 Bg7 3. d4 d6 4. Nc3 Nd7 5. Nf3 e5 6. Be2 Ngf6 7. O-O O-O 8. Be3
Ng4 9. Bg5 Bf6 10. Bxf6 Ngxf6 11. Qd2 exd4 12. Nxd4 Re8 13. Qg5 Nc5 14. f3 Ne6
15. Nxe6 fxe6 16. f4 Bd7 17. f5 exf5 18. exf5 Kg7 19. fxg6 Re5 20. Qg3 hxg6 21.
Bd3 Be8 22. Rf2 Nh5 23. Qf3 Rb8 24. Qf8+ Kh7 25. Raf1 Re7 26. Nd5 Rg7 27. Qf3
Kg8 28. Qf8+ Kh7 29. Nf6+ Nxf6 30. Rxf6 Qe7 31. Bxg6+ Bxg6 32. Qxb8 Qe3+ 33.
R6f2 Be4 34. Kh1 Bxg2+ 35. Rxg2 Qe4 36. Rg1 Rxg2 37. Rxg2 Qe1+ 38. Rg1 Qe4+
1/2-1/2

[Event "AUTO-ELITE-1649"]
[Site "http://www.queenalice.com/game.php?id=1413650"]
[Date "2016.3.16"]
[Round "1"]
[White "GI2013"]
[Black "cerenzo72"]
[Result "1-0"]
[WhiteElo "2260"]
[BlackElo "2187"]

1. e4 e6 2. c4 d5 3. exd5 exd5 4. d4 Nf6 5. Nc3 c5 6. cxd5 Nxd5 7. Bb5+ Nc6 8.
Nf3 Nxc3 9. bxc3 a6 10. Be2 cxd4 11. cxd4 Bb4+ 12. Bd2 Qa5 13. Bxb4 Qxb4+ 14.
Qd2 Qxd2+ 15. Kxd2 Be6 16. Rhd1 Rd8 17. Ke1 O-O 18. Rd2 Bd5 19. Rad1 Rd7 20. g3
Rfd8 21. Ne5 Rd6 22. Nxc6 Bxc6 23. Bc4 Bf3 24. Be2 Re8 25. Kf1 Bxe2+ 26. Rxe2
Rxe2 27. Kxe2 f5 28. d5 Kf7 29. Ke3 Kf6 30. Kd4 h5 31. Kc5 Rd7 32. d6 g5 33. Rc1
Ke6 34. Re1+ Kf6 35. Kd5 a5 36. Rc1 Rd8 37. Rc7 b5 38. Ra7 a4 39. Rb7 Rc8 40. d7
Rd8 41. Kd6 Rf8 42. Rc7 b4 43. Rc8 b3 44. Rxf8+ Kg7 45. d8=Q bxa2 46. Qf6+ 1-0

[Event "AUTO-ELITE-1649"]
[Site "http://www.queenalice.com/game.php?id=1413655"]
[Date "2016.3.16"]
[Round "1"]
[White "GI2013"]
[Black "BEBADO"]
[Result "1/2-1/2"]
[WhiteElo "2268"]
[BlackElo "2247"]

1. Nf3 Nf6 2. c4 e6 3. g3 c5 4. Bg2 Be7 5. O-O d5 6. cxd5 exd5 7. d4 O-O 8. Nc3
Nc6 9. Bg5 Be6 10. dxc5 Bxc5 11. Na4 Be7 12. Nd4 h6 13. Bf4 Qd7 14. Nxe6 fxe6
15. b3 e5 16. Bc1 Rfd8 17. Bb2 Rac8 18. Rc1 b6 19. Nc3 Qe6 20. Qd2 Bb4 21. a3
Bf8 22. b4 Nd4 23. Qd1 Nc6 1/2-1/2

[Event "AUTO-ELITE-1649"]
[Site "http://www.queenalice.com/game.php?id=1413656"]
[Date "2016.3.16"]
[Round "1"]
[White "BEBADO"]
[Black "GI2013"]
[Result "1/2-1/2"]
[WhiteElo "2213"]
[BlackElo "2269"]

1. e4 g6 2. d4 Bg7 3. Nc3 d6 4. f4 a6 5. Nf3 b5 6. Be3 Bb7 7. Bd3 e6 8. O-O Ne7
9. a4 b4 10. Ne2 Nd7 11. c3 c5 12. Qd2 a5 13. Rfd1 O-O 14. c4 Qc7 15. d5 exd5
16. exd5 Rae8 17. Bf2 1/2-1/2

[Event "AUTO-ELITE-1649"]
[Site "http://www.queenalice.com/game.php?id=1435408"]
[Date "2016.8.9"]
[Round "2"]
[White "NatanEstivallet"]
[Black "GI2013"]
[Result "1-0"]
[WhiteElo "2508"]
[BlackElo "2267"]

1. e4 g6 2. Nf3 Bg7 3. Bc4 d6 4. d4 Nf6 5. Nc3 O-O 6. O-O Nxe4 7. Nxe4 d5 8. Bd3
dxe4 9. Bxe4 Nd7 10. c3 c5 11. Be3 Qc7 12. Qd2 cxd4 13. cxd4 Nf6 14. Bd3 b6 15.
Rac1 Qd8 16. Ne5 Bb7 17. Rfe1 e6 18. f3 Qd6 19. b3 Rfc8 20. Bc4 Nd5 21. Bh6 Qb4
22. Qxb4 Nxb4 23. Bxg7 Kxg7 24. Nxf7 Bd5 25. Nd6 Rc6 26. Bxd5 Rxc1 27. Rxc1 Nxd5
28. Kf2 Rd8 29. Rc6 h6 30. Nc4 Kf6 31. Ne3 h5 32. Nxd5+ Rxd5 33. Ke3 Ra5 34. a4
Rd5 35. g3 Rd7 36. Ke4 1-0

[Event "AUTO-ELITE-1649"]
[Site "http://www.queenalice.com/game.php?id=1435409"]
[Date "2016.8.9"]
[Round "2"]
[White "GI2013"]
[Black "NatanEstivallet"]
[Result "0-1"]
[WhiteElo "2262"]
[BlackElo "2511"]

1. c4 Nf6 2. Nc3 g6 3. g3 Bg7 4. Bg2 O-O 5. d4 d6 6. Nf3 c5 7. O-O cxd4 8. Nxd4
Nbd7 9. b3 Nc5 10. Bb2 Bd7 11. Qd2 Qb6 12. Rfd1 Rac8 13. Rac1 Rfe8 14. h3 a5 15.
Nd5 Nxd5 16. cxd5 Na6 17. Bc3 Rc5 18. e3 Rec8 19. Ne2 Bxc3 20. Rxc3 Rxc3 21.
Nxc3 Qb4 22. Rc1 Nc5 23. Nb1 Qxd2 24. Nxd2 Kg7 25. Bf1 h6 26. Kg2 b5 27. f4 b4
28. Kf3 Ne4 29. Rxc8 Bxc8 30. Nxe4 Bb7 31. Bc4 f5 0-1